000 00614nam a2200181Ia 4500
003 OSt
005 20260331104905.0
008 211028s2010 xx 000 0 und d
040 _cAIMIT LIBRARY
041 _aeng
082 _a658.3 RESH
100 _aReshma P S;Dhananjay K.
_g816105
_96679
245 _aAnalyzing the market potential for job certification and training programs in Dakshina Kannada and Udupi Districts, offered by knowledge varsity Bangalore /
260 _bDhananjay K
_c2010
600 _aHuman Resource Management
_96680
650 _aHuman Resource Management
_96681
942 _2ddc
_cPRO
999 _c218318
_d218318